Linear Integrated circuits (Record no. 44)

MARC details
000 -LEADER
Fixed length control field 00517nam a2200193 4500
003 - CONTROL NUMBER IDENTIFIER
Control field SEACOMMC
005 - DATE AND TIME OF LATEST TRANSACTION
Control field 20231010055240.0
008 - FIXED-LENGTH DATA ELEMENTS--GENERAL INFORMATION
Fixed length control field 231010b |||||||| |||| 00| 0 eng d
020 ## - INTERNATIONAL STANDARD BOOK NUMBER / ISBN
Price Rs. 260.00
040 ## - CATALOGING SOURCE
Original cataloging agency SEACOMMC
082 ## - DEWEY DECIMAL CLASSIFICATION NUMBER
Classification number 621.3815
Book Number BAB
100 1# - MAIN ENTRY--PERSONAL NAME
Personal name Babu, T.R. Ganesh
245 1# - TITLE STATEMENT
Title Linear Integrated circuits
Statement of responsibility T.R. Ganesh Babu and B. Suseela
260 ## - IMPRINT
Place of publication Chennai
Name of publisher Scitech
Date of publication 2005
650 ## - SUBJECT ADDED ENTRY--TOPICAL TERM
Topical term Engineering
650 ## - SUBJECT ADDED ENTRY--TOPICAL TERM
Topical term Electronics, communications engineering
700 1# - ADDED ENTRY--PERSONAL NAME
Personal name Suseela, B.
942 ## - ADDED ENTRY ELEMENTS (KOHA)
Koha item type Books
Holdings
Withdrawn status Lost status Source of classification Damaged status Not for loan Home library Current library Date acquired Total Checkouts Call number Accession number Date last seen Price effective from Koha item type
    Dewey Decimal Classification     SEACOM MANAGEMENT COLLEGE SEACOM MANAGEMENT COLLEGE 20/07/2006   621.3815 BAB 03943 10/10/2023 10/10/2023 Books
© Seacom Engineering College, All rights reserved.    Powered by Koha